| 000 | 00935nam a22003017a 4500 | ||
|---|---|---|---|
| 001 | BR8900787 | ||
| 003 | BR-BrBNA | ||
| 005 | 20230928093147.0 | ||
| 007 | ta | ||
| 008 | 230509b bl.||||| |||| 00| 0 por d | ||
| 040 |
_aBR-BrBNA _bpor _cBiblioteca Nacional de Agricultura |
||
| 041 | _a(Eng) | ||
| 072 |
_aL72 _b4020 |
||
| 090 | _ 4020 BR8900787 | ||
| 100 | 1 | _aMoraes, G.J. de | |
| 100 | 1 | _aMcMurtry, J.A. | |
| 100 | 1 | _aDenmark, H.A. | |
| 110 | 1 |
_aEmpresa Brasileira de Pesquisa Agropecuaria, Brasilia, DF (Brasil). Depto. de Difusao de Tecnologia _93839 |
|
| 245 | 1 | _aA catalog of the mite family phytoseiidae. References to taxonomy, synonymy, distribution and habitat | |
| 260 | 3 |
_aBrasilia, DF (Brasil): _c1986. |
|
| 300 | _a353 p. | ||
| 650 | _aCARRAPATO | ||
| 650 | _aBIOLOGIA ANIMAL | ||
| 650 | _aDISTRIBUICAO GEOGRAFICA | ||
| 650 | _aTAXONOMIA ANIMAL | ||
| 909 |
_a202309 _bLucia _c55 _dLucia Elande |
||
| 942 | _cBK | ||
| 999 |
_c43346 _d43346 |
||